000 00420nam a2200157 i 4500
001 bg
100 1 _aBARTOSIEWICZ, Stanisława
245 0 _aEkonometria :
_btechnologia ekonometrycznego przetwarzania informacji /
_cS. Bartosiewicz.
250 _aWyd. 2 popr.
260 _aWarszawa,
_c1989.
040 _cBPK
041 _apol
080 _a330.115:519.86
942 _cKS
008 s pl f |000 0 pol
999 _c4105
_d4105
856 _uhttp://koha.tu.koszalin.pl/cgi-bin/koha/opac-detail.pl?biblionumber=4105
_yKatalog online BPK